04650cam a2200433 i 4500003000900000005001700009007000300026008004100029020003400070020003600104020003600140020003600176020003600212020003600248020003600284020003600320020003600356040003000392082002100422100002700443245010900470250001900579264004800598264003000646300002400676336002700700337003400727338002800761490018500789500005600974504005601030505086001086505033901946505082002285520104203105650001204147650001404159700004304173DO-SdBNP20250707112615.0ta751003s2000 sp 001 0 spa d a9788446012221 (obra completa) a9788446012146 (libro 1, tomo 1) a9788446012153 (libro 1, tomo 2) a9788446012160 (libro 1, tomo 3) a9788446012177 (libro 2, tomo 1) a9788446012184 (libro 2, tomo 2) a9788446012191 (libro 3, tomo 1) a9788446012207 (libro 3, tomo 2) a9788446012214 (libro 3, tomo 3) aDO-SdBNPbspacBNPHUerda a331.1bM392e2221 aMarx, Karl,d1818-188313aEl capital :bCrítica de la economía política/cKarl Marx, ; traducción Vicente Romano García  a2a. edición  1aMadrid, España :bAkal ediciones, c2000. 3c2018. 5ta. reimpresión. a8 volumenesc18 cm. 2rdacontentatextobtxt 2rdamediaasin mediación bn 2rdacarrieravolumenbnc1 aBásica de bolsillov48 libro 1, tomo 1v49 libro 1, tomo 2v50 libro 1, tomo 3v51 libro 2, tomo 1v52 libro 2, tomo 2v53 libro 3, tomo 1v54 libro 3, tomo 2v55 libro 3, tomo 3 aLa biblioteca posee la 5ta. reimpresión del 2018. aIncluye notas y bibliografías a pie de páginas 2 aLibro 1, tomo del 1 al 3 --tNota preliminar del traductor, 7. --tPrólogo a la primera edición alemana, 15. --tEpílogo a la segunda edición alemana, 21 --tPrólogo y epílogo a la edición francesa, 33. -- tPrólogo a la tercera edición francesa, 35. --tPrólogo a la edición inglesa, 39. --tPrólogo a la cuarta edición alemana, 45. --gLIBRO PRIMERO: El proceso de producción del capital --gSección primera --tMercancía y dinero --gSección segunda --tLa transformación del dinero en capital --gSección tercera --tLa producción de la plusvalía absoluta --gSección cuarta --tLa producción de la plusvalía relativa -- gSección quinta --tLa producción de la plusvalía absoluta y relativa --gSección sexta --tEl salario --gSección séptima --tEl proceso de acumulación del capital /2 aLibro 2, tomo del 1 y 2 tPrólogo --tPrólogo a la segunda edición --gLibro segundo: El proceso de circulación del capital --gSección primera --tLa metamorfosis del capital y su ciclo --gSección segunda --tLa rotación del capital --gSección tercera --tReproducción y circulación del capital social global --2 aLibro 3, tomo del 1 al 3 --tPrólogo --gLibro tercero: El proceso global de la producción capitalista --gSección primera --tLa transformación de la plusvalía en ganancia y de la cuota de plusvalía en cuota de ganancia --gSección segunda --tLa transformación de la ganancia en ganancia media --gSección tercera --tLey de la tendencia decreciente de la cuota de ganancia --gSección cuarta --tTransformación del capital mercantil y del capital monetario en capital para el comercio de mercancías y capital para el comercio de dinero (capital comercial) --gSección quinta --tDivisión de la ganancia en interés y ganancia de empresario -- gSección sexta --tDivisión de la ganancia en interés y ganancia de empresario --gSección séptima --tLas rentas y sus fuentes / aEsta versión castellana en ocho volúmenes de la obra cumbre de Marx está traducida directamente del original alemán. Se ha tomado como base la edición Dietz de Berlín, cuidadosamente preparada y cotejada con las anteriores por los grupos de trabajo de los institutos de Marxismo- de Berlín y Moscú. También se han tenido en cuenta la traducción francesa de J. Roy, revisada por el mismo Marx, y las versiones italianas de Editori Riuniti y Castellana de W. Roces, F.C.E. (México), entre otras. Los índices y apéndices que acompañan esta versión de El Capital contribuyen de un modo notable a la rápida orientación y mejor comprensión del libro. A pesar de su fama de difícil, la obra resulta asequible a todo tipo de lectores, que descubrirán a través de sus esclarecedoras páginas la vigencia de uno de los clásicos indiscutibles del pensamiento político y económico moderno, que mantiene intacta su virtualidad y la profundidad de su análisis como en la época de su redacción.  0aCapital 0aEconomia 1 aRomano García, Vicenteetraducción